La danza y el ballet: introducción al conocimiento de la danza de arte y del ballet
Tallennettuna:
| Päätekijä: | |
|---|---|
| Aineistotyyppi: | Kirja |
| Kieli: | espanja |
| Julkaistu: |
Ciudad de México
Fondo de Cultura Económica
1964
|
| Painos: | 4a. ed |
| Sarja: | Breviarios del Fondo de Cultura Económica, 6
|
| Aiheet: | |
| Tagit: |
Lisää tagi
Ei tageja, Lisää ensimmäinen tagi!
|
MARC
| LEADER | 00000nam a2200000 a 4500 | ||
|---|---|---|---|
| 001 | UCO4916 | ||
| 003 | CL-VaPUC | ||
| 008 | 000825e19640000MX |||||||||||||||||spa|d | ||
| 082 | 0 | 4 | |a 792.809 |b SAL |2 21 |
| 100 | 0 | |a Salazar, Adolfo |e author |9 449606 | |
| 245 | 1 | 3 | |a La danza y el ballet: introducción al conocimiento de la danza de arte y del ballet |
| 250 | |a 4a. ed | ||
| 300 | |a 263 p | ||
| 942 | |c BK | ||
| 945 | |d 20000825 00:00:00 |a crobeson | ||
| 260 | |a Ciudad de México |b Fondo de Cultura Económica |c 1964 | ||
| 650 | 0 | |a Ballet |9 265384 | |
| 650 | 0 | |a Danza |9 328568 | |
| 650 | 0 | |a Ballet clásico |9 351809 | |
| 650 | 7 | |a BALLET MODERNO |2 CL-VaPUC |9 360293 | |
| 650 | 0 | |a Artes escénicas |9 318853 | |
| 583 | |a last modification |c 20000825 00:00:00 |k Rodrigo Vera | ||
| 490 | 0 | |a Breviarios del Fondo de Cultura Económica, 6 | |
| 999 | |c 290879 |d 290877 | ||
| 952 | |0 0 |1 0 |4 0 |6 792_809000000000000_SAL_1964 |7 0 |8 A |9 340489 |a BIBART |b BIBART |d 2019-11-20 |i 2669234 |o 792.809 SAL 1964 |p 2669234 |r 2025-03-13 |w 2019-11-20 |y BK |k ART | ||